| 000 | 00596cam a22002294a 4500 | ||
|---|---|---|---|
| 999 |
_c148718 _d148718 |
||
| 003 | UPN | ||
| 005 | 20220615063505.0 | ||
| 008 | 100616s2006 mx r 000 1 spa d | ||
| 020 | _a9707321806 | ||
| 035 | _aUPN01000176615 | ||
| 040 |
_aUPN _bspa _cUPN |
||
| 049 | _aCG | ||
| 050 | 4 |
_aPQ2081 S5 _bC3.6 |
|
| 100 | 0 |
_aVoltaire, _d1694-1778 _929467 |
|
| 245 | 1 | 0 |
_aCándido / _cVoltaire ; pról. Emilio Carballido. |
| 260 |
_aMéxico : _bLectorum, _c2006. |
||
| 300 | _a157 p. | ||
| 490 | 0 | _aBiblioteca juvenil | |
| 650 | 0 |
_aLiteratura francesa _95152 |
|
| 905 | _aLibro | ||
| 942 |
_2lcc _cLIBRO |
||